|
|
|
|
| LEADER |
00000cam a2200000 7i4500 |
| 001 |
0000002249 |
| 005 |
20040415.0 |
| 020 |
0 |
0 |
|a 9679781119
|
| 090 |
0 |
0 |
|a 923.2595
|b MOH 1987
|
| 100 |
0 |
0 |
|a MOHD. Tajuddin Haji Abdul Rahman
|
| 245 |
1 |
0 |
|a Dato 'Onn Jaafar :
|b tokoh nasionalis
|c Mohd. Tajuddin bin Haji Abdul Rahman
|
| 260 |
0 |
0 |
|a Petaling Jaya, Selangor :
|b Pelanduk Pub. ,
|c 1987
|
| 300 |
|
|
|a 112 p. ;
|c 18 cm.
|
| 500 |
0 |
0 |
|a Bibliography: p. 111-112
|
| 600 |
0 |
0 |
|a Onn Jaafar
|f Dato' ,
|c 1895-1962
|
| 650 |
0 |
0 |
|a Politicians
|z Malaysia
|x Biography
|
| 651 |
0 |
0 |
|a Malaysia
|x History
|
| 651 |
0 |
0 |
|a Malaysia
|x Politics and government
|
| 998 |
|
|
|a JPSM
|
| 999 |
|
|
|a 0000003176
|b Monograph
|c Open Shelf
|e Default branch
|